|
|
|
|
| LEADER |
00000nam a2200000Ia 4500 |
| 001 |
x |
| 008 |
150727b201 c ||||| |||| 00| | spa d |
| 022 |
|
|
|a 1021-1209
|
| 090 |
|
|
|a 05.01.01
|b 1800
|
| 245 |
1 |
0 |
|a Reflexiones: revista Facultad de Ciencias Sociales
|
| 260 |
|
|
|a San José, Costa Rica :
|b Editorial de la Universidad de Costa Rica,
|c 2012
|
| 300 |
|
|
|a 316 páginas
|
| 500 |
|
|
|a Número especial, Jornadas de Investigación Interdisciplinaria en Ciencias Sociales "Compartiendo la experiencia investigativa 30 de agosto al 02 de setiembre, 2011"
|
| 650 |
1 |
4 |
|a CIENCIAS SOCIALES
|9 276
|
| 650 |
1 |
4 |
|a PUBLICACIONES PERIÓDICAS
|9 3
|
| 856 |
|
|
|u https://revistas.ucr.ac.cr/index.php/reflexiones/issue/view/273
|
| 942 |
|
|
|i 00307
|h 05.01.01 1800
|2 z
|c 01
|
| 999 |
|
|
|c 106
|d 106
|